[Event "Zottegem - Borgerhout"]
[Site "?"]
[Date "2012.09.23"]
[Round "1.6"]
[White "Ghyselen, Wouter"]
[Black "Diepeveen, Vincent"]
[Result "0-1"]
[WhiteElo "2144"]
[BlackElo "2314"]
[PlyCount "174"]
[EventDate "2012.09.23"]

1. d4 d5 2. c4 c6 3. Nf3 Nf6 4. e3 e6 5. b3 Nbd7 6. Bb2 Bd6 7. Bd3 O-O 8. Nbd2
Re8 9. Ne5 Qc7 10. f4 dxc4 11. bxc4 c5 12. O-O b6 13. Qf3 Bb7 14. Qh3 Nf8 15.
Rad1 Rad8 16. Bb1 a6 17. g4 b5 18. g5 N6d7 19. cxb5 axb5 20. Ne4 Be7 21. Nxd7
Qxd7 22. Qh5 Qd5 23. dxc5 Qc4 24. Bd4 Rd5 25. Rc1 Qb4 26. c6 Ba8 27. Bc3 Qa4
28. Bd4 Qa6 29. Rf3 Qa3 30. Rd1 Bxc6 31. Rh3 f5 32. Nc3 Rxd4 33. exd4 Bb4 34.
Nd5 Qa5 35. Ne3 Qc7 36. Qh4 Bb7 37. Nc2 Ba5 38. Qf2 Bb6 39. Rhd3 Qc6 40. Kf1
Qh1+ 41. Ke2 Qd5 42. Ne3 Qd6 43. Bc2 Ng6 44. Rf1 Rd8 45. Bb3 Be4 46. Rd2 Kf8
47. h4 Ba5 48. Rdd1 Qa3 49. Nc2 Qb2 50. Rb1 Qc3 51. Qe3 Qc6 52. Rbc1 Qd6 53. h5
Ne7 54. Rfd1 Nd5 55. Bxd5 Qxd5 56. Qa3+ b4 57. Nxb4 Bxb4 58. Qxb4+ Kg8 59. Qb3
Qd6 60. Ke3 Rb8 61. Qc3 Ra8 62. Qd2 Bd5 63. Rc3 Qd8 64. a3 Qe8 65. Rdc1 Qxh5
66. Rc8+ Kf7 67. Qf2 Rxa3+ 68. R8c3 Qh3+ 69. Kd2 Ra2+ 70. R1c2 Rxc2+ 71. Rxc2
Kg6 72. Qe3 Qh2+ 73. Kc3 Qh1 74. Kb2 Be4 75. Rc7 Qb1+ 76. Ka3 Qb6 77. Qc3 Qd6+
78. Qc5 Qxf4 79. Qe5 Qxe5 80. dxe5 f4 81. Rc4 Kf5 82. Rc7 Kxg5 83. Rxg7+ Bg6
84. Kb2 f3 85. Rg8 f2 86. Rf8 Bf5 87. Rg8+ Kf4 0-1

[Event "Zottegem - Borgerhout"]
[Site "?"]
[Date "2012.09.23"]
[Round "1.4"]
[White "Roos, David"]
[Black "Wemmers, Xander"]
[Result "0-1"]
[WhiteElo "2164"]
[BlackElo "2403"]
[PlyCount "78"]
[EventDate "2012.09.23"]

1. e4 e5 2. Nf3 Nc6 3. d4 exd4 4. Nxd4 Nf6 5. Nxc6 bxc6 6. e5 Qe7 7. Qe2 Nd5 8.
c4 Nb6 9. f4 Qe6 10. Nd2 a5 11. Nf3 Ba6 12. b3 Bc5 13. Be3 Bb4+ 14. Bd2 Qf5 15.
a3 Bc5 16. Qd3 Qxd3 17. Bxd3 Be7 18. a4 Nd5 19. Ke2 Nb4 20. Bxb4 Bxb4 21. Rac1
Ba3 22. Rc2 Rb8 23. Nd2 Bc5 24. Rb1 Rb4 25. Ne4 Be7 26. Ke3 d6 27. g3 dxe5 28.
fxe5 O-O 29. c5 Bxd3 30. Kxd3 Rd8+ 31. Nd6 cxd6 32. cxd6 f6 33. Ke3 Bf8 34.
exf6 Rxd6 35. fxg7 Bxg7 36. Kf3 Rd3+ 37. Kg2 Rdxb3 38. Rxb3 Rxb3 39. Rxc6 Rb4
0-1

[Event "Zottegem - Borgerhout"]
[Site "?"]
[Date "2012.09.23"]
[Round "1.2"]
[White "Hamblok, Roel"]
[Black "Docx, Stefan"]
[Result "0-1"]
[WhiteElo "2261"]
[BlackElo "2442"]
[PlyCount "50"]
[EventDate "2012.09.23"]

1. d4 Nf6 2. c4 e6 3. Nc3 Bb4 4. e3 O-O 5. Nge2 d5 6. a3 Bd6 7. Ng3 c5 8. dxc5
Bxc5 9. cxd5 exd5 10. Bd3 Nc6 11. O-O Bg4 12. Nce2 Re8 13. h3 Be6 14. b4 Bd6
15. Bb2 a5 16. bxa5 Rxa5 17. Nf5 Bxf5 18. Bxf5 d4 19. Bc2 dxe3 20. fxe3 Rxe3
21. Bxf6 gxf6 22. Kh1 Be5 23. Qxd8+ Nxd8 24. Rad1 Ne6 25. Ng1 Nd4 0-1

[Event "Zottegem - Anderlecht"]
[Site "?"]
[Date "2012.12.02"]
[Round "5.8"]
[White "Van Den Heede, Dorian"]
[Black "Van Mechelen, Jan"]
[Result "0-1"]
[WhiteElo "2080"]
[BlackElo "2250"]
[PlyCount "96"]
[EventDate "2012.??.??"]

1. e4 c5 2. Nf3 d6 3. d4 cxd4 4. Nxd4 Nf6 5. Nc3 a6 6. f4 Qc7 7. Be2 g6 8. Be3
Nbd7 9. O-O Bg7 10. Qe1 b5 11. Bf3 Bb7 12. f5 Ne5 13. Qf2 O-O 14. Rae1 Rac8 15.
Qh4 Nc4 16. fxg6 hxg6 17. Nd5 Nxd5 18. exd5 Nxe3 19. Rxe3 Bf6 20. Qg4 Qb6 21.
c3 b4 22. Kh1 bxc3 23. bxc3 Rc4 24. Qg3 Bc8 25. Be2 Ra4 26. Nc6 Kg7 27. Nxe7
Bxe7 28. Rxe7 Qd8 29. Re3 Rxa2 30. Ref3 Rxe2 31. Rxf7+ Rxf7 32. Rxf7+ Kxf7 33.
Qf3+ Qf6 34. Qxe2 Qxc3 35. Qf2+ Kg8 36. h3 Qa1+ 37. Kh2 Qe5+ 38. Kg1 Bb7 39.
Qb6 Qxd5 40. Qd8+ Kf7 41. Qd7+ Kf6 42. Qd8+ Ke5 43. Qg5+ Kd4 44. Qxg6 Qxg2+ 45.
Qxg2 Bxg2 46. Kxg2 a5 47. h4 a4 48. h5 Ke5 0-1

[Event "Zottegem - Anderlecht"]
[Site "?"]
[Date "2012.12.02"]
[Round "5.6"]
[White "Ghyselen, Wouter"]
[Black "De Wit, Michel"]
[Result "1/2-1/2"]
[WhiteElo "2144"]
[BlackElo "2295"]
[PlyCount "108"]
[EventDate "2012.??.??"]

1. d4 Nf6 2. c4 e6 3. Nc3 Bb4 4. Bg5 h6 5. Bh4 c6 6. e3 d5 7. Bd3 b6 8. Nf3 Ba6
9. cxd5 Bxd3 10. Qxd3 Bxc3+ 11. Qxc3 cxd5 12. O-O Nbd7 13. Rac1 O-O 14. Qa3 a5
15. Rc6 Rc8 16. Rfc1 Rxc6 17. Rxc6 Qa8 18. Qc3 Qa6 19. Qc2 Qb5 20. Rc7 Nb8 21.
Bxf6 gxf6 22. a3 Qe8 23. h3 Qd8 24. Ne1 Qd6 25. Nd3 Re8 26. Rc3 e5 27. Qd1 Qe6
28. Qh5 Kg7 29. Rc7 Nc6 30. b4 axb4 31. axb4 Re7 32. Rxe7 Qxe7 33. b5 Nb4 34.
Nxb4 Qxb4 35. dxe5 Qxb5 36. Qg4+ Kh8 37. exf6 Qb1+ 38. Kh2 Qg6 39. Qd4 Qf5 40.
Qxb6 Qxf2 41. Qb8+ Kh7 42. Qe5 Kg6 43. Qd4 h5 44. Qd3+ Kh6 45. Qxd5 Qxe3 46.
Qf5 h4 47. Qf1 Kg5 48. Kh1 Qd4 49. Qf3 Qxf6 50. Qxf6+ Kxf6 51. Kg1 Kg5 52. Kf2
Kf4 53. Kg1 Ke3 54. Kf1 Kf4 1/2-1/2

[Event "Zottegem - Anderlecht"]
[Site "?"]
[Date "2012.12.02"]
[Round "5.4"]
[White "Roos, David"]
[Black "Hetey, Laszlo"]
[Result "0-1"]
[WhiteElo "2164"]
[BlackElo "2350"]
[PlyCount "84"]
[EventDate "2012.??.??"]

1. e4 e5 2. Nf3 Nc6 3. d4 exd4 4. Nxd4 Bc5 5. Be3 Qf6 6. c3 Nge7 7. Bc4 O-O 8.
O-O Bb6 9. Kh1 Qg6 10. Nd2 Rd8 11. N2f3 d5 12. exd5 Nxd5 13. Nxc6 bxc6 14. Ne5
Qd6 15. Qh5 Be6 16. Bxb6 axb6 17. Rad1 g6 18. Qe2 Re8 19. Nd3 Nxc3 20. bxc3
Bxc4 21. Qf3 Bd5 22. Qh3 Qf6 23. Qg3 Re7 24. Nf4 Bxa2 25. Rfe1 Rae8 26. Rxe7
Qxe7 27. h3 Bb3 28. Rd3 Qe1+ 29. Kh2 Bc4 30. Rd7 Qe5 31. Rd4 b5 32. f3 Bd5 33.
Nxd5 cxd5 34. Qxe5 Rxe5 35. f4 c5 36. Rd3 Rf5 37. g4 Rxf4 38. Rxd5 Rc4 39. Rd8+
Kg7 40. Rb8 Rxc3 41. Rxb5 Kf6 42. Rb6+ Ke5 0-1

[Event "Zottegem - Anderlecht"]
[Site "?"]
[Date "2012.12.02"]
[Round "5.2"]
[White "Hamblok, Roel"]
[Black "Chabanon, Jean-Luc"]
[Result "1/2-1/2"]
[WhiteElo "2261"]
[BlackElo "2490"]
[PlyCount "51"]
[EventDate "2012.??.??"]

1. e4 e6 2. d4 d5 3. Nc3 Nf6 4. Bg5 dxe4 5. Nxe4 Be7 6. Bxf6 gxf6 7. Nf3 f5 8.
Nc3 a6 9. Ne5 Nd7 10. f4 Nxe5 11. dxe5 Qxd1+ 12. Nxd1 f6 13. exf6 Bxf6 14. Be2
Bd7 15. Bf3 O-O-O 16. c3 c5 17. a4 Kc7 18. Ne3 Bc8 19. Ke2 Rd7 20. Rhd1 Rxd1
21. Kxd1 Bd7 22. Kc2 Rg8 23. b3 Rg6 24. Rd1 b5 25. axb5 axb5 26. Ra1 1/2-1/2

[Event "Zottegem - Amay"]
[Site "?"]
[Date "2012.11.18"]
[Round "4.7"]
[White "De Herdt, Yasseen"]
[Black "Tan, Jonathan"]
[Result "0-1"]
[WhiteElo "2096"]
[BlackElo "2190"]
[PlyCount "112"]
[EventDate "2012.??.??"]

1. e4 e6 2. d4 d5 3. Nc3 Bb4 4. exd5 exd5 5. Bd3 Nc6 6. Nge2 Bg4 7. Be3 Nf6 8.
Qd2 Qd7 9. a3 Be7 10. f3 Bf5 11. g4 Bxd3 12. Qxd3 O-O-O 13. O-O-O Na5 14. Ng3
g6 15. Bh6 Nc4 16. Rde1 Rhe8 17. Re2 Qd6 18. Rhe1 Ng8 19. Bd2 Rd7 20. Nd1 Qb6
21. Bb4 Bg5+ 22. Kb1 Rxe2 23. Rxe2 a5 24. Bc5 Qf6 25. Nc3 Qf4 26. Re8+ Rd8 27.
Nge2 Qxf3 28. Rxd8+ Kxd8 29. h4 Nd2+ 30. Kc1 Qh1+ 31. Nd1 Qxh4 32. Qb5 Qe1 33.
Qxb7 Nc4+ 34. Kb1 Qxd1+ 35. Ka2 Qxe2 36. Qb8+ Kd7 37. Qb5+ Kc8 38. Qa6+ Kd8 39.
Qa8+ Kd7 40. Qxd5+ Nd6 41. Qxg5 f6 42. Qh4 Qxc2 43. Qxh7+ Ne7 44. Qg7 Qe2 45.
Qxf6 Qe6+ 46. Qxe6+ Kxe6 47. Kb3 Kd5 48. Ka4 Nc6 49. Bxd6 cxd6 50. Kb5 Nxd4+
51. Kxa5 Kc4 52. b4 d5 53. g5 Nc6+ 54. Kb6 Nxb4 55. axb4 Kxb4 56. Kc6 d4 0-1

[Event "Zottegem - Amay"]
[Site "?"]
[Date "2012.11.18"]
[Round "4.3"]
[White "Roos, Adrian"]
[Black "Zaragatski, Ilja"]
[Result "0-1"]
[WhiteElo "2224"]
[BlackElo "2470"]
[PlyCount "102"]
[EventDate "2012.??.??"]

1. d4 d6 2. Nf3 Bg4 3. c4 Bxf3 4. exf3 g6 5. Nc3 Bg7 6. Be3 Nd7 7. Qd2 c6 8.
Be2 Ngf6 9. g4 Qa5 10. O-O-O O-O 11. Kb1 Rab8 12. h4 Rfc8 13. h5 b5 14. hxg6
hxg6 15. Bh6 Bh8 16. Bg5 Bg7 17. Bh6 Bh8 18. Nd5 Qd8 19. Nf4 bxc4 20. Bxc4 d5
21. Bd3 Qb6 22. Bxg6 fxg6 23. Nxg6 Kf7 24. Ne5+ Nxe5 25. dxe5 Nd7 26. f4 Nc5
27. f3 Na4 28. b3 Qb4 29. Qc2 Nc3+ 30. Ka1 Nxd1 31. Qh7+ Ke8 32. Qxh8+ Kd7 33.
e6+ Kc7 34. Qe5+ Kb7 35. Rxd1 a5 36. f5 a4 37. Bd2 Qb5 38. Qg7 axb3 39. Qxe7+
Rc7 40. Qb4 Qxb4 41. Bxb4 Ra8 42. Kb2 c5 43. Kxb3 cxb4 44. Rxd5 Kc6 45. Rd4
Ra3+ 46. Kc4 Rxf3 47. Kxb4 Rb7+ 48. Kc4 Ra7 49. Kb4 Rfa3 50. Rc4+ Kb6 51. Rc2
R7a4# 0-1

[Event "Zottegem - Amay"]
[Site "?"]
[Date "2012.11.18"]
[Round "4.1"]
[White "De Schampheleire, Glen"]
[Black "Kiselev, Vitaly"]
[Result "1-0"]
[WhiteElo "2311"]
[BlackElo "2517"]
[PlyCount "145"]
[EventDate "2012.??.??"]

1. d4 Nf6 2. c4 e6 3. g3 d5 4. Bg2 Be7 5. Nf3 O-O 6. O-O c6 7. Qc2 Nbd7 8. Nbd2
b6 9. e4 Ba6 10. b3 Rc8 11. Bb2 c5 12. exd5 exd5 13. Qf5 dxc4 14. Nxc4 Re8 15.
Rfe1 g6 16. Qh3 Bxc4 17. bxc4 Bf8 18. Ne5 cxd4 19. Nc6 Qc7 20. Bxd4 Rxe1+ 21.
Rxe1 Re8 22. Rxe8 Nxe8 23. Qh4 Nc5 24. Bd5 Ne6 25. Bb2 Bg7 26. Ba3 Nc5 27. Qe7
Qxe7 28. Nxe7+ Kf8 29. Nc8 Bd4 30. Nxa7 Kg7 31. Nb5 Be5 32. f4 Bb8 33. Bb2+ Kf8
34. Nd4 Nd6 35. Kg2 Bc7 36. Kf3 h5 37. h3 Ke8 38. g4 hxg4+ 39. hxg4 Bd8 40. Nc6
Bc7 41. Ke3 Kf8 42. Bd4 Nd7 43. a4 Nb7 44. Ne5 Nxe5 45. fxe5 Nd8 46. c5 bxc5
47. Bxc5+ Ke8 48. Ke4 Ba5 49. Bc4 Kd7 50. Kd5 Ne6 51. Bb5+ Kd8 52. Bd6 Bc3 53.
Kc4 Ba5 54. Bc6 Be1 55. Bd5 Kd7 56. Kb5 f5 57. gxf5 gxf5 58. Bc6+ Kd8 59. Kc4
Ba5 60. Bg2 Nf4 61. Bf1 Kd7 62. Kb5 Bc3 63. a5 Ne6 64. Bh3 Bxa5 65. Kxa5 Nd4
66. Bf1 f4 67. Kb6 Ke6 68. Bc4+ Kf5 69. Kc5 Nf3 70. e6 Nd2 71. Bd5 f3 72. e7 f2
73. Bg2 1-0

[Event "Zottegem - Amay"]
[Site "?"]
[Date "2012.11.18"]
[Round "1.5"]
[White "Ghysels, Marc"]
[Black "Memeti, Kastriot"]
[Result "0-1"]
[WhiteElo "2146"]
[BlackElo "2200"]
[PlyCount "78"]
[EventDate "2012.??.??"]

1. e4 e6 2. b3 b6 3. Bb2 Bb7 4. Nc3 c5 5. Nf3 a6 6. g3 Nf6 7. d3 d5 8. exd5
exd5 9. Qe2+ Be7 10. O-O-O O-O 11. Bg2 Re8 12. Kb1 b5 13. Rde1 Nbd7 14. h4 Nb6
15. Ng5 Qc7 16. Nxb5 Qd7 17. Nc7 Qxc7 18. Bxf6 Bf8 19. Qg4 d4 20. Be4 Bxe4 21.
Rxe4 Nd5 22. Bxd4 cxd4 23. Rxd4 Nc3+ 24. Kb2 Nb5 25. Rc4 Ba3+ 26. Kb1 Nc3+ 27.
Ka1 Qe5 28. Nf3 Qa5 29. Qg5 Nb5 30. Qd2 Qb6 31. Re1 Qf6+ 32. d4 Qxf3 33. d5 h6
34. Rf4 Rxe1+ 35. Qxe1 Qxd5 36. Re4 Rd8 37. Re8+ Rxe8 38. Qxe8+ Kh7 39. Qe2
Qh1+ 0-1

[Event "Wirtzfeld - Zottegem "]
[Site "?"]
[Date "2012.10.07"]
[Round "2.8"]
[White "Maraite, Grégory"]
[Black "Van den Heede, Dorian"]
[Result "0-1"]
[WhiteElo "2185"]
[BlackElo "2080"]
[PlyCount "34"]
[EventDate "2012.??.??"]

1. e4 c5 2. Nf3 e6 3. c3 d5 4. e5 Nc6 5. d4 Nge7 6. a3 cxd4 7. cxd4 Qb6 8. Nc3
Nf5 9. Be3 Be7 10. Bd3 Nxe3 11. fxe3 Qxb2 12. Nb5 Qxg2 13. Nc7+ Kd8 14. Nxa8
Qxh1+ 15. Bf1 g5 16. h3 h5 17. Ra2 g4 0-1

[Event "Wirtzfeld - Zottegem "]
[Site "?"]
[Date "2012.10.07"]
[Round "2.4"]
[White "Hautot, Stephane"]
[Black "Roos, David"]
[Result "1-0"]
[WhiteElo "2401"]
[BlackElo "2164"]
[PlyCount "63"]
[EventDate "2012.??.??"]

1. d4 Nf6 2. Nf3 g6 3. g3 Bg7 4. Bg2 O-O 5. O-O c6 6. c4 d5 7. Nc3 dxc4 8. e4
Nfd7 9. Bf4 e5 10. Nxe5 Nxe5 11. Bxe5 Bxe5 12. dxe5 Qa5 13. f4 Na6 14. Qe2 Nb4
15. Nd1 b5 16. Nf2 c5 17. f5 Qc7 18. Ng4 Nd3 19. e6 Ne5 20. Nf6+ Kg7 21. Nd5
Qb7 22. e7 Re8 23. Qe3 Qc6 24. f6+ Kh8 25. Nc7 Ng4 26. Qf4 g5 27. Qxg5 Rg8 28.
Qxg8+ Kxg8 29. e8=Q+ Qxe8 30. Nxe8 Ne3 31. Rf2 Nxg2 32. Kxg2 1-0

[Event "Wirtzfeld - Zottegem "]
[Site "?"]
[Date "2012.10.07"]
[Round "2.2"]
[White "Boidman, Yuri"]
[Black "Hamblok, Roel"]
[Result "1-0"]
[WhiteElo "2438"]
[BlackElo "2261"]
[PlyCount "91"]
[EventDate "2012.??.??"]

1. e4 c6 2. c4 d5 3. exd5 cxd5 4. cxd5 Nf6 5. Qa4+ Nbd7 6. Nc3 g6 7. Nf3 Bg7 8.
Qb3 O-O 9. Bc4 Nb6 10. d3 Bg4 11. Ne5 Qc7 12. f4 Nxc4 13. dxc4 e6 14. O-O exd5
15. cxd5 Qc5+ 16. Kh1 b5 17. Re1 a6 18. Be3 Qd6 19. h3 Bf5 20. Rad1 Rfd8 21. a3
Rac8 22. Bf2 Nh5 23. Qb4 Qxb4 24. axb4 Nxf4 25. Nc6 Nd3 26. Bh4 Nxe1 27. Bxd8
Nd3 28. Rxd3 Rxd8 29. Re3 Rd7 30. Re8+ Bf8 31. Ra8 Kg7 32. Rxa6 Rb7 33. Kg1 Bd3
34. Ne5 Bc2 35. d6 Bf5 36. g4 Be6 37. Ne4 Rb8 38. Nc5 Rd8 39. Nxe6+ fxe6 40.
Ra7+ Kf6 41. Nf7 Rb8 42. g5+ Kf5 43. Rc7 e5 44. d7 Be7 45. Rc8 Rb6 46. Re8 1-0

[Event "Wirtzfeld - Zottegem "]
[Site "?"]
[Date "2012.10.07"]
[Round "2"]
[White "Tuncer, Ufuk"]
[Black "Ghyselen, Wouter"]
[Result "1/2-1/2"]
[WhiteElo "2323"]
[BlackElo "2144"]
[PlyCount "128"]
[EventDate "2012.??.??"]

1. e4 c5 2. Nc3 Nc6 3. Nf3 d6 4. Bb5 Bd7 5. O-O g6 6. Re1 Bg7 7. Bxc6 Bxc6 8.
d4 cxd4 9. Nxd4 Nf6 10. Bg5 O-O 11. Nb3 Rc8 12. Nd5 Bxd5 13. exd5 Re8 14. c3
Qd7 15. Qd2 Qf5 16. Bxf6 Bxf6 17. Rad1 Rc7 18. h3 a6 19. Qe2 Rec8 20. Rd3 Rc4
21. Nd2 R4c7 22. Ne4 Bg7 23. Qd2 Rf8 24. Ng3 Qd7 25. Re4 b5 26. h4 Rc4 27. h5
Rxe4 28. Nxe4 Qg4 29. Ng3 Be5 30. hxg6 hxg6 31. Ne2 Qf5 32. f3 Rc8 33. g4 Qd7
34. Kf2 a5 35. f4 Bg7 36. Kg3 Qa7 37. Nd4 Bxd4 38. Rxd4 Rc4 39. b3 Rxd4 40.
Qxd4 Qxd4 41. cxd4 Kf8 42. Kf3 Ke8 43. Ke4 f6 44. a4 bxa4 45. bxa4 Kd7 46. Kd3
Kc7 47. Kc3 Kb6 48. Kc4 Ka6 49. Kb3 Kb6 50. Kc2 Kc7 51. Kd3 Kb6 52. Kd2 Kc7 53.
Ke3 Kd7 54. Ke4 Kc7 55. Kf3 Kd7 56. Ke3 Kc7 57. Kd2 Kd7 58. Kc2 Kc7 59. Kd3 Kb6
60. Ke4 Kc7 61. Kf3 Kd7 62. Kg3 Ke8 63. Kh3 Kf7 64. Kh4 Kf8 1/2-1/2

[Event "Wirtzfeld - Rochade"]
[Site "?"]
[Date "2013.03.03"]
[Round "10.7"]
[White "Boidman, Yuri"]
[Black "Fiebig, Thomas"]
[Result "0-1"]
[WhiteElo "2426"]
[BlackElo "2414"]
[PlyCount "61"]
[EventDate "2013.03.02"]

1. e4 e6 2. Nf3 d5 3. Nc3 Nf6 4. e5 Nfd7 5. Ne2 c5 6. c3 b6 7. d4 Ba6 8. a3 Be7
9. h4 O-O 10. Nf4 Bxf1 11. Kxf1 cxd4 12. cxd4 Qc7 13. Be3 Rc8 14. Rc1 Qb7 15.
Rxc8+ Qxc8 16. Ng5 Nf8 17. Qh5 Bxg5 18. Qxg5 Qc2 19. Kg1 Nc6 20. Rh3 Nxd4 21.
Bxd4 Qd1+ 22. Kh2 h6 23. Qh5 Qxd4 24. Rf3 Qe4 25. Nd3 Ng6 26. Kh3 Rc8 27. g3
Rc2 28. Re3 Qh1+ 29. Kg4 Qd1+ 30. Rf3 Rc4+ 31. Nf4 0-1

[Event "Wirtzfeld - Rochade"]
[Site "?"]
[Date "2013.03.03"]
[Round "10.3"]
[White "Sumets, Andrei"]
[Black "Berelowitsch, Alexander"]
[Result "1/2-1/2"]
[WhiteElo "2622"]
[BlackElo "2582"]
[PlyCount "81"]
[EventDate "2013.03.02"]

1. d4 d5 2. c4 e6 3. Nf3 c5 4. g3 Nf6 5. Bg2 Nc6 6. O-O Be7 7. dxc5 Bxc5 8. a3
a6 9. b4 Ba7 10. Bb2 O-O 11. Nbd2 Bd7 12. Qb1 Qe7 13. e4 dxc4 14. e5 Nd5 15.
Nxc4 b5 16. Nd6 Nxe5 17. Bxe5 f6 18. Ne4 fxe5 19. Nxe5 Be8 20. Qb2 Bb6 21. Rac1
a5 22. bxa5 Rxa5 23. Nc6 Qxa3 24. Qe5 Ra4 25. Ng5 Nc7 26. Nxe6 Nxe6 27. Qxe6+
Kh8 28. Ne5 Ra6 29. Qc8 Bd4 30. Rce1 Bh5 31. Qh3 Rh6 32. Qd7 Qa7 33. Qxa7 Bxa7
34. Kh1 Rxf2 35. g4 Be8 36. g5 Re6 37. Ng4 Rxf1+ 38. Rxf1 Kg8 39. Bd5 Bd7 40.
Bxe6+ Bxe6 41. Ne5 1/2-1/2

[Event "Wirtzfeld - Rochade"]
[Site "?"]
[Date "2013.03.03"]
[Round "10.1"]
[White "Khenkin, Igor"]
[Black "Parimarjan, Negi"]
[Result "1/2-1/2"]
[WhiteElo "2646"]
[BlackElo "2661"]
[PlyCount "50"]
[EventDate "2013.03.02"]

1. Nf3 Nf6 2. c4 g6 3. Nc3 d5 4. cxd5 Nxd5 5. e4 Nxc3 6. dxc3 Qxd1+ 7. Kxd1 f6
8. Be3 e5 9. Nd2 Be6 10. Bc4 Bxc4 11. Nxc4 Nd7 12. Kc2 Bc5 13. Rhd1 Bxe3 14.
Nxe3 O-O-O 15. b4 Nb6 16. Rxd8+ Rxd8 17. a4 c6 18. a5 Nd7 19. h4 h5 20. f3 Kc7
21. Rd1 Nf8 22. Rxd8 Kxd8 23. g4 Ne6 24. gxh5 gxh5 25. Nf5 Kd7 1/2-1/2

[Event "Wirtzfeld - KGSRL"]
[Site "?"]
[Date "2012.10.21"]
[Round "3.7"]
[White "Ris, Robert"]
[Black "Van Heirzeele, Daniel"]
[Result "1-0"]
[WhiteElo "2415"]
[BlackElo "2162"]
[PlyCount "49"]
[EventDate "2012.10.20"]

1. d4 Nf6 2. c4 e6 3. Nc3 Bb4 4. g3 O-O 5. Nf3 d5 6. Bg2 dxc4 7. O-O Nc6 8. a3
Be7 9. e4 Rb8 10. Qe2 b5 11. Bf4 Nxd4 12. Nxd4 Qxd4 13. Rad1 Qb6 14. e5 Nd5 15.
Bxd5 exd5 16. Nxd5 Qe6 17. Nxc7 Qc6 18. Nd5 Bc5 19. Be3 Re8 20. f4 Bh3 21. Qf3
Rbc8 22. Rf2 Bf5 23. Kg2 Red8 24. Nf6+ gxf6 25. Rxd8+ 1-0

[Event "Wirtzfeld - KGSRL"]
[Site "?"]
[Date "2012.10.21"]
[Round "3.5"]
[White "Boidman, Yuri"]
[Black "Goormachtigh, Johan"]
[Result "1-0"]
[WhiteElo "2438"]
[BlackElo "2201"]
[PlyCount "77"]
[EventDate "2012.10.20"]

1. e4 c5 2. Nf3 e6 3. Nc3 Nc6 4. Bb5 Qc7 5. O-O a6 6. Bxc6 Qxc6 7. d4 cxd4 8.
Qxd4 f6 9. e5 f5 10. Qh4 b5 11. Bg5 Bb7 12. Rad1 b4 13. Ne2 Qxc2 14. Rd2 Qe4
15. Nf4 Ne7 16. Rfd1 Nd5 17. Re1 Nxf4 18. Rxe4 fxe4 19. Qxf4 exf3 20. Qd4 Bc6
21. gxf3 h6 22. Qh4 Kf7 23. Rd4 Kg8 24. Bd2 a5 25. Rg4 Bxf3 26. Rg3 Bd5 27. Rd3
Kh7 28. Rxd5 exd5 29. Qd4 Be7 30. Qd3+ g6 31. Qxd5 Rhf8 32. Qxd7 Rae8 33. Be3
Kg7 34. Bc5 Kf7 35. e6+ Kf6 36. Bd4+ Kg5 37. Be3+ Kh5 38. Qd1+ Kh4 39. f4 1-0

[Event "Wirtzfeld - KGSRL"]
[Site "?"]
[Date "2012.10.21"]
[Round "3.3"]
[White "Hera, Imre"]
[Black "Ducarmon, Quinten"]
[Result "0-1"]
[WhiteElo "2568"]
[BlackElo "2382"]
[PlyCount "124"]
[EventDate "2012.10.20"]

1. d4 d5 2. c4 c6 3. Nc3 dxc4 4. e3 b5 5. a4 b4 6. Na2 e6 7. Bxc4 Nf6 8. Nf3
Nbd7 9. Qe2 c5 10. O-O Bb7 11. Rd1 Qb8 12. Bd2 a5 13. Bb5 cxd4 14. exd4 Bxf3
15. Qxf3 Bd6 16. d5 O-O 17. dxe6 Bxh2+ 18. Kh1 Ne5 19. Qh3 Neg4 20. Rf1 Bd6 21.
exf7+ Kh8 22. Rac1 Qa7 23. Rc6 Rad8 24. Be1 Qxf7 25. Nc1 Ne5 26. Rc2 Nd5 27.
Ne2 Nc7 28. Nd4 Nxb5 29. axb5 Rde8 30. Bd2 Qd5 31. Be3 Nc4 32. Kg1 Bc5 33. Ne6
Bxe3 34. Nxf8 Rxf8 35. Re1 Bb6 36. Qe6 Ne3 37. Qxd5 Nxd5 38. Rd1 Nf6 39. Rd6
Rb8 40. Rcc6 Bd8 41. b6 Be7 42. Rd1 Kg8 43. Ra1 Bd8 44. Rxa5 Bxb6 45. Ra4 Ng4
46. g3 Bxf2+ 47. Kg2 Bd4 48. b3 Bc3 49. Rca6 Rf8 50. Ra8 Ne3+ 51. Kh3 Nc2 52.
Rxf8+ Kxf8 53. Kg4 Na1 54. Kf5 Nxb3 55. Ra8+ Ke7 56. Ke4 Kf6 57. Rf8+ Kg5 58.
Rf4 Nc1 59. Rf1 Ne2 60. Kf3 Nd4+ 61. Ke4 Kg4 62. Kd3 g5 0-1

[Event "Wirtzfeld - KGSRL"]
[Site "?"]
[Date "2012.10.21"]
[Round "3.1"]
[White "Sumets, Andrei"]
[Black "Michiels, Bart"]
[Result "1/2-1/2"]
[WhiteElo "2618"]
[BlackElo "2506"]
[PlyCount "73"]
[EventDate "2012.10.20"]

1. d4 d5 2. c4 c6 3. Nf3 Nf6 4. Nc3 e6 5. g3 Nbd7 6. Bg2 Be7 7. O-O O-O 8. Bf4
Nh5 9. Bd2 Nhf6 10. Rc1 Nb6 11. c5 Nc4 12. b3 Nxd2 13. Qxd2 Qc7 14. Qc2 Nd7 15.
e4 dxe4 16. Nxe4 e5 17. Neg5 g6 18. Rfe1 Qd8 19. h4 exd4 20. b4 a5 21. a3 axb4
22. axb4 Bf6 23. Ne4 Bg7 24. Rcd1 Qc7 25. Nd6 Nf6 26. Nxd4 Bg4 27. Rb1 Ne8 28.
Qe4 Qd7 29. Qf4 Nxd6 30. cxd6 Rad8 31. Nb3 Qf5 32. Qe3 Qf6 33. Nc5 Bf5 34. Nxb7
Bxb1 35. Nxd8 Rxd8 36. Rxb1 Qxd6 37. Qf3 1/2-1/2

[Event "Wirtzfeld - Fontaine"]
[Site "?"]
[Date "2012.12.02"]
[Round "5.7"]
[White "Hautot, Stephane"]
[Black "Russo, Bruno"]
[Result "1-0"]
[WhiteElo "2401"]
[BlackElo "2006"]
[PlyCount "75"]
[EventDate "2012.12.02"]

1. e4 c5 2. Nf3 d6 3. d4 cxd4 4. Nxd4 Nf6 5. Nc3 g6 6. Be3 Bg7 7. f3 O-O 8. Qd2
Nc6 9. O-O-O Nxd4 10. Bxd4 Be6 11. Kb1 Qc7 12. g4 Rfc8 13. h4 Qa5 14. a3 Rab8
15. h5 b5 16. Nd5 Qxd2 17. Rxd2 Nxd5 18. Bxg7 Kxg7 19. exd5 Bd7 20. Rd4 Rc5 21.
Bd3 a6 22. b4 Rcc8 23. Kb2 Rb6 24. g5 Rbb8 25. Rdh4 Rh8 26. h6+ Kf8 27. Rf4 e6
28. dxe6 Bxe6 29. Rf6 Ke7 30. f4 Bd5 31. Re1+ Kd7 32. Rd1 Kc6 33. Bf1 Rbd8 34.
Kc3 Rhe8 35. Rxd5 Kxd5 36. Bg2+ Re4 37. Kd3 Rde8 38. Rxf7 1-0

[Event "Wirtzfeld - Fontaine"]
[Site "?"]
[Date "2012.12.02"]
[Round "5.5"]
[White "Gulbas, Cemil"]
[Black "Le Quang, Kim"]
[Result "1-0"]
[WhiteElo "2436"]
[BlackElo "2304"]
[PlyCount "109"]
[EventDate "2012.12.02"]

1. e4 c5 2. Nf3 e6 3. d4 cxd4 4. Nxd4 Nc6 5. Nc3 Qc7 6. Be3 a6 7. Qd2 Nf6 8. f3
h5 9. O-O-O Be7 10. Nb3 d6 11. g3 b5 12. Kb1 Rb8 13. h3 Ne5 14. Qf2 Bd7 15. Bd3
Nc4 16. g4 Nxe3 17. Qxe3 h4 18. f4 b4 19. Ne2 d5 20. e5 Ne4 21. Bxe4 dxe4 22.
Ned4 O-O 23. g5 Rfc8 24. g6 fxg6 25. Qxe4 Be8 26. Rhg1 Rb6 27. Nd2 a5 28. Rxg6
Bxg6 29. Qxg6 Qd7 30. Rg1 Bd8 31. Ne4 Rc4 32. Nf3 Qf7 33. Qxf7+ Kxf7 34. Nd6+
Rxd6 35. exd6 Rxf4 36. Ne5+ Kf6 37. Nc6 Bb6 38. d7 e5 39. d8=Q+ Bxd8 40. Nxd8
Rf3 41. Rh1 e4 42. Kc1 e3 43. Kd1 Rf2 44. Nc6 Rd2+ 45. Kc1 Rf2 46. Nxa5 e2 47.
Re1 Rh2 48. Nc6 Rxh3 49. Nxb4 Rh2 50. a4 h3 51. Nd3 Kf5 52. Kd2 Rg2 53. a5 h2
54. a6 Rg6 55. Rh1 1-0

[Event "Wirtzfeld - Fontaine"]
[Site "?"]
[Date "2012.12.02"]
[Round "5.3"]
[White "Van den Doel, Erik"]
[Black "Claesen, Pieter"]
[Result "1-0"]
[WhiteElo "2571"]
[BlackElo "2381"]
[PlyCount "65"]
[EventDate "2012.12.02"]

1. e4 e6 2. d4 d5 3. Nc3 Nc6 4. Nf3 Nf6 5. e5 Ne4 6. Ne2 f5 7. h4 Bd7 8. Nfg1
Be7 9. g3 O-O 10. Bf4 g5 11. hxg5 Nxg5 12. Bxg5 Bxg5 13. Nh3 Be7 14. Nef4 Rf7
15. a3 Na5 16. b4 Nc4 17. Bxc4 dxc4 18. d5 Qc8 19. Qe2 b5 20. Qf3 Rb8 21. Rd1
Rb6 22. O-O Ra6 23. dxe6 Bxe6 24. Rfe1 c5 25. bxc5 Qxc5 26. Rd6 Bxd6 27. Nxe6
Qxa3 28. Qd5 Bf8 29. Nd8 Qe7 30. Nxf7 Qxf7 31. e6 Qe7 32. Qxb5 Rd6 33. Qxf5 1-0

[Event "Wirtzfeld - Eynatten2"]
[Site "?"]
[Date "2012.12.16"]
[Round "6.8"]
[White "Tuncer, Ufuk"]
[Black "Dorr, Yannick"]
[Result "1-0"]
[WhiteElo "2323"]
[BlackElo "1930"]
[PlyCount "55"]
[EventDate "2012.12.15"]

1. Nf3 Nc6 2. d4 d5 3. Bf4 Nf6 4. e3 a6 5. c4 dxc4 6. Bxc4 e6 7. Nc3 Nd5 8. Bg3
Bb4 9. Qc2 O-O 10. a3 b5 11. Bd3 Bxc3+ 12. bxc3 h6 13. O-O Nce7 14. c4 bxc4 15.
Qxc4 a5 16. Rfc1 Ba6 17. Qc2 Bxd3 18. Qxd3 Nf5 19. e4 Nxg3 20. exd5 Nf5 21. Rc5
Qd6 22. Rac1 Rfd8 23. h3 Ra7 24. Qe4 Qd7 25. Ne5 exd5 26. Qb1 Qc8 27. Nc6 Rb7
28. Qxf5 1-0